[Event "MCRDMZ 2018"]
[Site "Varnsdorf"]
[Date "2018.06.17"]
[Round "3.14"]
[White "Gebauer Adam (BSS F-M B)"]
[Black "Brozka Karel (Polabiny A)"]
[Result "0-1"]
[BlackElo "1735"]
[WhiteElo "1363"]
[LiveChessVersion "1.4.8"]

1. e4 {[%clk 0:25:17]} c6 {[%clk 0:25:11]} 2. d4 {[%clk 0:25:21]} d5
{[%clk 0:24:59]} 3. exd5 {[%clk 0:25:18]} cxd5 {[%clk 0:24:47]} 4. Bd3
{[%clk 0:25:09]} Nc6 {[%clk 0:24:33]} 5. c3 {[%clk 0:25:01]} Nf6 {[%clk 0:23:58]}
6. Bf4 {[%clk 0:24:37]} g6 {[%clk 0:22:34]} 7. Nd2 {[%clk 0:24:00]} Bg7
{[%clk 0:22:06]} 8. Ngf3 {[%clk 0:23:31]} Bf5 {[%clk 0:20:24]} 9. Qc2
{[%clk 0:22:25]} Bxd3 {[%clk 0:20:08]} 10. Qxd3 {[%clk 0:22:33]} e6
{[%clk 0:18:00]} 11. O-O {[%clk 0:21:36]} O-O {[%clk 0:17:52]} 12. Rfe1
{[%clk 0:20:34]} Nh5 {[%clk 0:14:21]} 13. Bg5 {[%clk 0:18:42]} Qc7
{[%clk 0:13:29]} 14. Qe3 {[%clk 0:17:39]} b5 {[%clk 0:11:36]} 15. Rac1
{[%clk 0:16:41]} a5 {[%clk 0:09:32]} 16. Rc2 {[%clk 0:10:51]} Rfc8
{[%clk 0:08:25]} 17. Rec1 {[%clk 0:09:47]} Qb7 {[%clk 0:08:16]} 18. b3
{[%clk 0:08:01]} Qb6 {[%clk 0:06:27]} 19. b4 {[%clk 0:03:56]} a4 {[%clk 0:04:49]}
20. a3 {[%clk 0:03:54]} Ra7 {[%clk 0:04:31]} 21. Re1 {[%clk 0:03:35]} Nxd4
{[%clk 0:03:42]} 22. Rcc1 {[%clk 0:02:42]} Nxf3+ {[%clk 0:03:41]} 23. Qxf3
{[%clk 0:02:21]} h6 {[%clk 0:03:07]} 24. Be3 {[%clk 0:02:18]} Qb7
{[%clk 0:02:48]} 25. Bxa7 {[%clk 0:02:26]} Qxa7 {[%clk 0:02:57]} 26. Nb1
{[%clk 0:01:36]} Nf6 {[%clk 0:02:52]} 27. Nd2 {[%clk 0:01:16]} Nd7
{[%clk 0:02:33]} 28. Qe2 {[%clk 0:00:43]} Qb6 {[%clk 0:02:10]} 29. Nb1
{[%clk 0:00:45]} Ne5 {[%clk 0:02:14]} 30. Kh1 {[%clk 0:00:38]} Nc4
{[%clk 0:01:45]} 31. Red1 {[%clk 0:00:35]} Qc7 {[%clk 0:01:47]} 32. Qc2
{[%clk 0:00:27]} Qf4 {[%clk 0:01:49]} 33. g3 {[%clk 0:00:20]} Qf3+
{[%clk 0:01:54]} 34. Kg1 {[%clk 0:00:29]} h5 {[%clk 0:01:46]} 35. Rd3
{[%clk 0:00:34]} Qg4 {[%clk 0:01:39]} 36. f3 {[%clk 0:00:24]} Qg5
{[%clk 0:01:37]} 37. Kh1 {[%clk 0:00:16]} h4 {[%clk 0:01:35]} 38. gxh4
{[%clk 0:00:12]} Qf4 {[%clk 0:01:16]} 39. Re1 {[%clk 0:00:12]} Ne5
{[%clk 0:01:03]} 40. Rd4 {[%clk 0:00:14]} Qxf3+ {[%clk 0:01:07]} 41. Qg2
{[%clk 0:00:22]} Qh5 {[%clk 0:00:45]} 42. Rdd1 {[%clk 0:00:13]} Nf3
{[%clk 0:00:46]} 43. Rf1 {[%clk 0:00:21]} Nxh4 {[%clk 0:00:45]} 44. Qf2
{[%clk 0:00:25]} Nf5 {[%clk 0:00:51]} 45. Rd3 {[%clk 0:00:29]} Be5
{[%clk 0:00:50]} 46. Qg2 {[%clk 0:00:24]} Rc4 {[%clk 0:00:47]} 47. Rh3
{[%clk 0:00:33]} Rh4 {[%clk 0:00:53]} 48. Rxh4 {[%clk 0:00:40]} Qxh4
{[%clk 0:00:59]} 49. Rf3 {[%clk 0:00:24]} Qe4 {[%clk 0:00:58]} 50. Qf1
{[%clk 0:00:27]} Nh4 {[%clk 0:01:02]} 51. Nd2 {[%clk 0:00:29]} Qc2
{[%clk 0:00:52]} 52. Nb1 {[%clk 0:00:18]} Qxh2# {[%clk 0:00:56]} 0-1

[Event "MCRDMZ 2018"]
[Site "Varnsdorf"]
[Date "2018.06.17"]
[Round "3.15"]
[White "Juchelka Marek (Polabiny A)"]
[Black "Czepiec Richard (BSS F-M B)"]
[Result "0-1"]
[BlackElo "1430"]
[WhiteElo "1657"]
[LiveChessVersion "1.4.8"]

1. e4 {[%clk 0:25:18]} c5 {[%clk 0:25:18]} 2. Nf3 {[%clk 0:25:26]} d6
{[%clk 0:25:25]} 3. d4 {[%clk 0:25:35]} cxd4 {[%clk 0:25:34]} 4. Nxd4
{[%clk 0:25:42]} Nf6 {[%clk 0:25:42]} 5. Nc3 {[%clk 0:25:51]} g6 {[%clk 0:25:41]}
6. Be2 {[%clk 0:25:32]} Bg7 {[%clk 0:25:49]} 7. Be3 {[%clk 0:25:40]} O-O
{[%clk 0:25:55]} 8. O-O {[%clk 0:25:42]} Nc6 {[%clk 0:26:02]} 9. Qd2
{[%clk 0:25:42]} Bd7 {[%clk 0:25:23]} 10. Rad1 {[%clk 0:25:45]} a6
{[%clk 0:25:08]} 11. h3 {[%clk 0:24:54]} Rc8 {[%clk 0:25:14]} 12. Kh1
{[%clk 0:24:01]} Ne5 {[%clk 0:25:12]} 13. f4 {[%clk 0:24:05]} Nc4
{[%clk 0:25:09]} 14. Bxc4 {[%clk 0:24:13]} Rxc4 {[%clk 0:25:16]} 15. e5
{[%clk 0:23:56]} dxe5 {[%clk 0:23:08]} 16. fxe5 {[%clk 0:24:04]} Nh5
{[%clk 0:23:17]} 17. Nde2 {[%clk 0:23:36]} Bxe5 {[%clk 0:18:12]} 18. Qxd7
{[%clk 0:23:29]} Qxd7 {[%clk 0:18:20]} 19. Rxd7 {[%clk 0:23:37]} Rc7
{[%clk 0:18:24]} 20. Rxc7 {[%clk 0:23:41]} Bxc7 {[%clk 0:18:32]} 21. Bf4
{[%clk 0:23:44]} Bxf4 {[%clk 0:18:33]} 22. Nxf4 {[%clk 0:23:53]} Ng3+
{[%clk 0:18:41]} 23. Kg1 {[%clk 0:23:57]} Nxf1 {[%clk 0:18:49]} 24. Kxf1
{[%clk 0:24:06]} e5 {[%clk 0:18:41]} 25. Nd3 {[%clk 0:24:09]} Re8
{[%clk 0:18:50]} 26. Ke2 {[%clk 0:24:15]} f6 {[%clk 0:18:58]} 27. Nd5
{[%clk 0:24:18]} Kf7 {[%clk 0:19:01]} 28. Nc5 {[%clk 0:24:00]} Rc8
{[%clk 0:18:46]} 29. Nxb7 {[%clk 0:23:25]} Rxc2+ {[%clk 0:18:54]} 30. Kf3
{[%clk 0:23:34]} Rxb2 {[%clk 0:18:57]} 31. Nd8+ {[%clk 0:22:43]} Kg7
{[%clk 0:18:56]} 32. Ne6+ {[%clk 0:22:51]} Kf7 {[%clk 0:19:04]} 33. Nd8+
{[%clk 0:22:54]} Kg7 {[%clk 0:19:11]} 34. a4 {[%clk 0:22:12]} f5 {[%clk 0:18:47]}
35. Ne6+ {[%clk 0:22:15]} Kf7 {[%clk 0:18:53]} 36. Ng5+ {[%clk 0:22:19]} Kg7
{[%clk 0:18:55]} 37. Ne6+ {[%clk 0:22:12]} Kg8 {[%clk 0:18:51]} 38. Nc5
{[%clk 0:22:07]} e4+ {[%clk 0:18:52]} 39. Kg3 {[%clk 0:22:10]} Ra2
{[%clk 0:18:38]} 40. Nb4 {[%clk 0:20:33]} Ra3+ {[%clk 0:18:36]} 41. Kf2
{[%clk 0:20:40]} e3+ {[%clk 0:18:44]} 42. Ke2 {[%clk 0:20:48]} a5
{[%clk 0:17:48]} 43. Nd5 {[%clk 0:19:25]} Ra2+ {[%clk 0:16:44]} 44. Kxe3
{[%clk 0:19:23]} Rxg2 {[%clk 0:16:50]} 45. Kf3 {[%clk 0:19:14]} Rc2
{[%clk 0:16:38]} 46. Nb7 {[%clk 0:13:47]} Rc4 {[%clk 0:16:32]} 47. Nxa5
{[%clk 0:13:07]} Rxa4 {[%clk 0:16:22]} 48. Nc6 {[%clk 0:13:01]} Ra3+
{[%clk 0:15:26]} 49. Kg2 {[%clk 0:13:01]} Kg7 {[%clk 0:15:15]} 50. Nd4
{[%clk 0:10:06]} Kf7 {[%clk 0:13:24]} 51. Nf3 {[%clk 0:09:55]} Ra4
{[%clk 0:12:01]} 52. Nc3 {[%clk 0:09:55]} Ra3 {[%clk 0:11:32]} 53. Nb5
{[%clk 0:08:47]} Ra2+ {[%clk 0:11:39]} 54. Kg3 {[%clk 0:08:40]} Kf6
{[%clk 0:11:33]} 55. Nc3 {[%clk 0:08:40]} Ra5 {[%clk 0:11:21]} 56. h4
{[%clk 0:08:26]} h6 {[%clk 0:10:36]} 57. Kf4 {[%clk 0:08:04]} Rc5
{[%clk 0:10:30]} 58. Ne2 {[%clk 0:07:36]} Rc4+ {[%clk 0:10:21]} 59. Kg3
{[%clk 0:07:41]} Rg4+ {[%clk 0:09:57]} 60. Kh3 {[%clk 0:07:24]} g5
{[%clk 0:09:07]} 61. hxg5+ {[%clk 0:06:43]} hxg5 {[%clk 0:09:13]} 62. Nc3
{[%clk 0:06:45]} Rc4 {[%clk 0:07:56]} 63. Nd5+ {[%clk 0:06:26]} Ke6
{[%clk 0:07:43]} 64. Ne3 {[%clk 0:05:57]} g4+ {[%clk 0:06:44]} 65. Kg3
{[%clk 0:06:05]} f4+ {[%clk 0:06:41]} 66. Kxg4 {[%clk 0:05:34]} fxe3+
{[%clk 0:06:47]} 67. Kg3 {[%clk 0:05:43]} Kf5 {[%clk 0:06:35]} 68. Kg2
{[%clk 0:05:18]} Kf4 {[%clk 0:05:30]} 69. Ne1 {[%clk 0:05:15]} Rc3
{[%clk 0:04:49]} 70. Kf1 {[%clk 0:05:22]} Kg3 {[%clk 0:04:03]} 71. Ke2
{[%clk 0:05:20]} Ra3 {[%clk 0:03:43]} 72. Nd3 {[%clk 0:05:21]} Rxd3
{[%clk 0:03:31]} 0-1

[Event "MCRDMZ 2018"]
[Site "Varnsdorf"]
[Date "2018.06.17"]
[Round "3.16"]
[White "Buchta Bartolomej (BSS F-M B)"]
[Black "Stocek Martin (Polabiny A)"]
[Result "0-1"]
[BlackElo "1481"]
[WhiteElo "1444"]
[LiveChessVersion "1.4.8"]

1. e4 {[%clk 0:25:17]} c6 {[%clk 0:25:19]} 2. d4 {[%clk 0:25:24]} d5
{[%clk 0:25:28]} 3. Nc3 {[%clk 0:25:31]} Nf6 {[%clk 0:25:32]} 4. e5
{[%clk 0:25:27]} Nfd7 {[%clk 0:25:41]} 5. Nf3 {[%clk 0:25:32]} e6
{[%clk 0:25:49]} 6. a3 {[%clk 0:24:41]} c5 {[%clk 0:25:44]} 7. Be3
{[%clk 0:24:05]} cxd4 {[%clk 0:24:53]} 8. Bxd4 {[%clk 0:23:57]} Nc6
{[%clk 0:24:27]} 9. b4 {[%clk 0:18:42]} a5 {[%clk 0:22:14]} 10. b5
{[%clk 0:16:22]} Nxd4 11. Qxd4 {[%clk 0:16:22]} Bc5 {[%clk 0:21:50]} 12. Qg4
{[%clk 0:16:01]} O-O {[%clk 0:19:23]} 13. Bd3 {[%clk 0:15:30]} h6
{[%clk 0:19:08]} 14. Ne2 {[%clk 0:11:57]} Qc7 {[%clk 0:17:34]} 15. Qg3
{[%clk 0:11:28]} f6 {[%clk 0:17:08]} 16. Qg6 {[%clk 0:08:17]} Nxe5
{[%clk 0:07:17]} 17. Nxe5 {[%clk 0:07:15]} Bxf2+ {[%clk 0:03:49]} 18. Kxf2
{[%clk 0:04:29]} fxe5+ {[%clk 0:03:56]} 19. Ke1 {[%clk 0:04:35]} e4
{[%clk 0:04:00]} 20. Bxe4 {[%clk 0:03:28]} dxe4 {[%clk 0:04:09]} 21. Qxe4
{[%clk 0:03:36]} e5 {[%clk 0:02:56]} 22. Qd5+ {[%clk 0:03:34]} Kh8
{[%clk 0:03:04]} 23. c4 {[%clk 0:03:07]} Rf6 {[%clk 0:02:24]} 24. Rc1
{[%clk 0:02:06]} Be6 {[%clk 0:02:21]} 25. Qe4 {[%clk 0:02:05]} Rd8
{[%clk 0:01:39]} 26. Rf1 {[%clk 0:00:47]} Rxf1+ {[%clk 0:01:31]} 27. Kxf1
{[%clk 0:00:55]} Rf8+ {[%clk 0:01:03]} 28. Ke1 {[%clk 0:01:00]} Bf5
{[%clk 0:00:38]} 29. Qd5 {[%clk 0:01:02]} Rd8 {[%clk 0:00:43]} 30. Qf3
{[%clk 0:01:05]} Rf8 {[%clk 0:00:42]} 31. g4 {[%clk 0:01:09]} e4 {[%clk 0:00:30]}
32. Qf2 {[%clk 0:00:58]} e3 {[%clk 0:00:26]} 33. Qf1 {[%clk 0:00:42]} Qxh2
{[%clk 0:00:24]} 34. gxf5 {[%clk 0:00:48]} Qh4+ {[%clk 0:00:32]} 35. Kd1
{[%clk 0:00:53]} Rd8+ {[%clk 0:00:40]} 36. Kc2 {[%clk 0:01:02]} Qxc4+
{[%clk 0:00:47]} 37. Kb2 {[%clk 0:00:57]} Rd2+ {[%clk 0:00:54]} 38. Kb1
{[%clk 0:00:55]} Qb3+ {[%clk 0:01:02]} 39. Ka1 {[%clk 0:01:00]} Qa2#
{[%clk 0:01:10]} 0-1

[Event "MCRDMZ 2018"]
[Site "Varnsdorf"]
[Date "2018.06.17"]
[Round "3.17"]
[White "Trasakova Adela (Polabiny A)"]
[Black "Ticha Sofie (BSS F-M B)"]
[Result "1-0"]
[BlackElo "1313"]
[WhiteElo "1611"]
[LiveChessVersion "1.4.8"]

1. d4 d5 {[%clk 0:25:15]} 2. Bf4 {[%clk 0:25:24]} Nc6 {[%clk 0:25:00]} 3. e3
{[%clk 0:25:22]} Nf6 {[%clk 0:25:02]} 4. c3 {[%clk 0:25:20]} Bf5 {[%clk 0:24:26]}
5. Nf3 {[%clk 0:25:23]} e6 {[%clk 0:24:14]} 6. Bb5 {[%clk 0:25:30]} Bd6
{[%clk 0:24:11]} 7. Ne5 {[%clk 0:25:31]} Bxe5 {[%clk 0:23:51]} 8. Bxe5
{[%clk 0:25:34]} O-O {[%clk 0:23:55]} 9. Bf4 {[%clk 0:25:05]} a6 {[%clk 0:23:44]}
10. Bd3 {[%clk 0:24:51]} Bg6 {[%clk 0:23:36]} 11. O-O {[%clk 0:24:44]} Re8
{[%clk 0:22:32]} 12. c4 {[%clk 0:22:47]} Nb4 {[%clk 0:21:58]} 13. Bxg6
{[%clk 0:22:09]} fxg6 {[%clk 0:21:49]} 14. Qb3 {[%clk 0:21:31]} a5
{[%clk 0:20:32]} 15. a3 {[%clk 0:19:43]} Nc6 {[%clk 0:19:40]} 16. Qxb7
{[%clk 0:16:42]} Qd7 {[%clk 0:17:33]} 17. Qxc7 {[%clk 0:16:01]} Qxc7 18. Bxc7
{[%clk 0:16:08]} Ra7 {[%clk 0:16:19]} 19. Bf4 {[%clk 0:12:04]} Rb7
{[%clk 0:15:38]} 20. Ra2 {[%clk 0:10:47]} Nd7 {[%clk 0:13:32]} 21. cxd5
{[%clk 0:09:37]} exd5 {[%clk 0:13:28]} 22. Nc3 {[%clk 0:09:43]} Nf6
{[%clk 0:11:24]} 23. Rc1 {[%clk 0:09:04]} Rc8 {[%clk 0:08:20]} 24. h3
{[%clk 0:05:33]} h6 {[%clk 0:05:45]} 25. Na4 {[%clk 0:04:54]} Ne7
{[%clk 0:04:41]} 26. Raa1 {[%clk 0:04:02]} Kh7 {[%clk 0:03:06]} 27. Rxc8
{[%clk 0:03:42]} Nxc8 {[%clk 0:03:14]} 28. Rc1 {[%clk 0:03:51]} Ne7
{[%clk 0:03:02]} 29. Rc5 {[%clk 0:03:48]} Ra7 {[%clk 0:02:41]} 30. Bb8
{[%clk 0:03:13]} Ra8 {[%clk 0:02:32]} 31. Bc7 {[%clk 0:03:13]} Ra7
{[%clk 0:02:09]} 32. Bb6 {[%clk 0:02:53]} Rb7 {[%clk 0:01:42]} 33. Rxa5
{[%clk 0:02:30]} Ne4 {[%clk 0:01:06]} 34. Ra7 {[%clk 0:02:07]} Rxa7
{[%clk 0:01:10]} 35. Bxa7 {[%clk 0:02:16]} Nc6 {[%clk 0:01:13]} 36. Bc5
{[%clk 0:02:24]} Na5 {[%clk 0:01:04]} 37. b4 {[%clk 0:02:26]} Nb3
{[%clk 0:01:10]} 38. b5 {[%clk 0:02:31]} Na5 {[%clk 0:01:01]} 39. Bb4
{[%clk 0:02:24]} Nb7 {[%clk 0:01:05]} 40. Nc5 {[%clk 0:02:32]} Nexc5
{[%clk 0:01:08]} 41. dxc5 {[%clk 0:02:36]} Kg8 {[%clk 0:01:11]} 42. Kf1
{[%clk 0:02:42]} Kf7 {[%clk 0:01:13]} 43. c6 {[%clk 0:02:50]} Nd8
{[%clk 0:00:47]} 44. c7 {[%clk 0:02:53]} Ne6 {[%clk 0:00:39]} 45. c8=Q
{[%clk 0:02:59]} Kf6 {[%clk 0:00:38]} 46. b6 {[%clk 0:02:59]} Ng5
{[%clk 0:00:00]} 1-0

[Event "MCRDMZ 2018"]
[Site "Varnsdorf"]
[Date "2018.06.17"]
[Round "3.18"]
[White "Micova Barbora (BSS F-M B)"]
[Black "Stary Vojtech (Polabiny A)"]
[Result "1/2-1/2"]
[BlackElo "1290"]
[WhiteElo "1203"]
[LiveChessVersion "1.4.8"]

1. e4 {[%clk 0:25:17]} e5 {[%clk 0:25:19]} 2. Nf3 {[%clk 0:25:25]} Nc6
{[%clk 0:25:27]} 3. Nc3 {[%clk 0:25:32]} Nf6 {[%clk 0:25:35]} 4. Bb5
{[%clk 0:25:39]} Bb4 {[%clk 0:25:37]} 5. d3 {[%clk 0:25:46]} d6 {[%clk 0:25:36]}
6. O-O {[%clk 0:25:52]} Bg4 {[%clk 0:25:43]} 7. Bg5 {[%clk 0:25:58]} O-O
{[%clk 0:25:40]} 8. Nd5 {[%clk 0:26:05]} Nd4 {[%clk 0:25:16]} 9. Nxb4
{[%clk 0:25:57]} Nxb5 {[%clk 0:25:22]} 10. Nd5 {[%clk 0:26:04]} Nd4
{[%clk 0:25:25]} 11. c3 {[%clk 0:26:09]} Nxf3+ {[%clk 0:25:17]} 12. gxf3
{[%clk 0:26:16]} Be6 {[%clk 0:25:21]} 13. Nxf6+ {[%clk 0:26:08]} gxf6
{[%clk 0:25:27]} 14. Bh6 {[%clk 0:26:14]} Re8 {[%clk 0:25:33]} 15. Kh1
{[%clk 0:26:22]} Kh8 {[%clk 0:25:04]} 16. Rg1 {[%clk 0:26:29]} Rg8
{[%clk 0:25:11]} 17. d4 {[%clk 0:25:47]} Rxg1+ 18. Qxg1 {[%clk 0:25:52]} Qg8
{[%clk 0:23:55]} 19. dxe5 {[%clk 0:25:35]} fxe5 {[%clk 0:22:43]} 20. Bg5
{[%clk 0:25:01]} Qg6 {[%clk 0:21:58]} 21. b4 {[%clk 0:23:51]} Rg8
{[%clk 0:21:46]} 22. Bh4 {[%clk 0:22:37]} Qxg1+ {[%clk 0:19:11]} 23. Rxg1
{[%clk 0:22:45]} Rxg1+ {[%clk 0:19:19]} 24. Kxg1 {[%clk 0:22:50]} Bxa2
{[%clk 0:19:26]} 25. Bf6+ {[%clk 0:22:55]} Kg8 {[%clk 0:19:33]} 26. h4
{[%clk 0:22:59]} h5 {[%clk 0:19:18]} 27. Bd8 {[%clk 0:22:48]} c5 {[%clk 0:19:23]}
28. bxc5 {[%clk 0:22:50]} dxc5 {[%clk 0:19:29]} 29. Bf6 {[%clk 0:22:50]} b5
{[%clk 0:19:14]} 30. Bxe5 {[%clk 0:22:52]} b4 {[%clk 0:19:06]} 31. cxb4
{[%clk 0:23:00]} cxb4 {[%clk 0:19:15]} 32. Kg2 {[%clk 0:22:45]} a5
{[%clk 0:19:17]} 33. Kf1 {[%clk 0:22:33]} a4 {[%clk 0:19:14]} 34. Ke1
{[%clk 0:22:42]} b3 {[%clk 0:18:36]} 35. Kd1 {[%clk 0:22:45]} Kf8
{[%clk 0:18:38]} 36. Kc1 {[%clk 0:22:53]} Ke7 {[%clk 0:18:36]} 37. Kb2
{[%clk 0:22:33]} Kd7 {[%clk 0:18:38]} 38. Ka3 {[%clk 0:22:33]} Kc6
{[%clk 0:18:36]} 39. Kxa4 {[%clk 0:22:40]} Kc5 {[%clk 0:18:36]} 40. Bb2
{[%clk 0:22:38]} Kc4 {[%clk 0:18:37]} 41. Ka3 {[%clk 0:22:44]} Kd3
{[%clk 0:18:43]} 42. e5 {[%clk 0:22:46]} Kc4 {[%clk 0:18:33]} 43. f4
{[%clk 0:22:53]} Kd5 {[%clk 0:18:41]} 44. f5 {[%clk 0:23:00]} Kc6
{[%clk 0:18:29]} 45. f4 {[%clk 0:23:01]} Kd7 {[%clk 0:18:25]} 46. f6
{[%clk 0:22:53]} Ke6 {[%clk 0:18:23]} 47. Ba1 {[%clk 0:22:10]} Kd7
{[%clk 0:18:19]} 48. f5 {[%clk 0:22:17]} Ke8 {[%clk 0:18:24]} 49. e6
{[%clk 0:22:13]} Bb1 {[%clk 0:17:57]} 50. exf7+ {[%clk 0:21:57]} Kxf7
{[%clk 0:18:02]} 51. Kxb3 {[%clk 0:22:03]} Bxf5 {[%clk 0:18:10]} 52. Kc3
{[%clk 0:22:09]} Bg4 {[%clk 0:18:17]} 53. Kd3 {[%clk 0:22:08]} Bf3
{[%clk 0:18:25]} 54. Ke3 {[%clk 0:22:15]} Bg4 {[%clk 0:18:34]} 55. Kf4
{[%clk 0:22:23]} Bd1 {[%clk 0:18:42]} 56. Kf5 {[%clk 0:22:07]} Be2
{[%clk 0:18:50]} 57. Be5 {[%clk 0:22:07]} Bg4+ {[%clk 0:18:54]} 58. Kg5
{[%clk 0:22:06]} Bd1 {[%clk 0:19:01]} 59. Kh6 {[%clk 0:22:02]} Be2
{[%clk 0:19:06]} 60. Kh7 {[%clk 0:22:09]} Bf3 {[%clk 0:19:14]} 61. Kh8
{[%clk 0:21:14]} Bg4 {[%clk 0:19:21]} 62. Bf4 {[%clk 0:21:12]} Kxf6
{[%clk 0:19:16]} 63. Bg5+ {[%clk 0:21:21]} Kf5 {[%clk 0:19:25]} 64. Kh7
{[%clk 0:21:29]} Bd1 {[%clk 0:19:30]} 65. Kh6 {[%clk 0:21:36]} Be2
{[%clk 0:19:38]} 66. Kg7 {[%clk 0:21:43]} Bf3 {[%clk 0:19:46]} 1/2-1/2

[Event "MCRDMZ 2018"]
[Site "Varnsdorf"]
[Date "2018.06.17"]
[Round "4.1"]
[White "Stalmach Richard (BSS F-M A)"]
[Black "Kures Michael (Loko Brno A)"]
[Result "1-0"]
[BlackElo "1879"]
[WhiteElo "1754"]
[LiveChessVersion "1.4.8"]

1. d4 {[%clk 0:25:19]} d5 {[%clk 0:25:17]} 2. c4 {[%clk 0:25:28]} c6
{[%clk 0:25:26]} 3. Nc3 {[%clk 0:25:34]} Nf6 {[%clk 0:25:34]} 4. Nf3
{[%clk 0:25:43]} a6 {[%clk 0:25:43]} 5. e3 {[%clk 0:24:42]} b5 {[%clk 0:25:49]}
6. cxd5 {[%clk 0:24:30]} cxd5 {[%clk 0:25:57]} 7. Bd3 {[%clk 0:24:11]} Bg4
{[%clk 0:25:59]} 8. O-O {[%clk 0:24:12]} e6 {[%clk 0:25:58]} 9. h3
{[%clk 0:23:59]} Bf5 {[%clk 0:25:07]} 10. Bxf5 {[%clk 0:23:35]} exf5
{[%clk 0:25:13]} 11. b3 {[%clk 0:22:19]} Ne4 {[%clk 0:23:18]} 12. Bb2
{[%clk 0:21:59]} Be7 {[%clk 0:22:52]} 13. Rc1 {[%clk 0:21:45]} O-O
{[%clk 0:22:57]} 14. Ne5 {[%clk 0:21:42]} f6 {[%clk 0:22:39]} 15. Nd3
{[%clk 0:21:50]} b4 {[%clk 0:22:11]} 16. Na4 {[%clk 0:21:25]} Nd7
{[%clk 0:22:12]} 17. f3 {[%clk 0:20:04]} Ng3 {[%clk 0:20:34]} 18. Rf2
{[%clk 0:20:09]} Bd6 {[%clk 0:19:28]} 19. Nac5 {[%clk 0:17:12]} Qe7
{[%clk 0:17:31]} 20. Nxb4 {[%clk 0:16:35]} Qxe3 {[%clk 0:10:40]} 21. Nxd5
{[%clk 0:15:41]} Qe8 {[%clk 0:10:12]} 22. Nxd7 {[%clk 0:15:44]} Qxd7
{[%clk 0:09:44]} 23. Nb6 {[%clk 0:15:42]} Qb7 {[%clk 0:06:56]} 24. Nxa8
{[%clk 0:15:44]} Bf4 {[%clk 0:02:54]} 25. Rc3 {[%clk 0:15:42]} Qxa8
{[%clk 0:01:58]} 26. Bc1 {[%clk 0:15:27]} Bd6 {[%clk 0:01:55]} 27. Rfc2
{[%clk 0:13:18]} Qb8 {[%clk 0:01:17]} 28. Qe1 {[%clk 0:10:47]} Kh8
{[%clk 0:00:33]} 29. Qe6 {[%clk 0:09:40]} h6 {[%clk 0:00:15]} 30. Rc6
{[%clk 0:09:08]} Bf4 {[%clk 0:00:18]} 31. Rc8 {[%clk 0:07:50]} Ne2+
{[%clk 0:00:23]} 32. Qxe2 {[%clk 0:07:54]} Rxc8 {[%clk 0:00:29]} 33. Rxc8+
{[%clk 0:08:00]} Qxc8 {[%clk 0:00:32]} 34. Bxf4 {[%clk 0:08:09]} Qc3
{[%clk 0:00:20]} 35. Qd2 {[%clk 0:08:09]} Qa1+ {[%clk 0:00:25]} 36. Kh2
{[%clk 0:08:17]} g5 {[%clk 0:00:31]} 37. Be3 {[%clk 0:08:17]} f4 {[%clk 0:00:36]}
38. Bf2 {[%clk 0:08:24]} h5 {[%clk 0:00:36]} 39. d5 {[%clk 0:08:17]} Qe5
{[%clk 0:00:33]} 40. d6 {[%clk 0:05:55]} g4 {[%clk 0:00:41]} 41. hxg4
{[%clk 0:05:59]} hxg4 {[%clk 0:00:47]} 42. fxg4 {[%clk 0:06:00]} f3+
{[%clk 0:00:25]} 43. g3 {[%clk 0:05:54]} 1-0

[Event "MCRDMZ 2018"]
[Site "Varnsdorf"]
[Date "2018.06.17"]
[Round "4.2"]
[White "Hladky Tadeas (Loko Brno A)"]
[Black "Paseka Matyas (BSS F-M A)"]
[Result "1-0"]
[BlackElo "1730"]
[WhiteElo "1659"]
[LiveChessVersion "1.4.8"]

1. e4 {[%clk 0:25:18]} c5 {[%clk 0:25:18]} 2. c3 {[%clk 0:25:26]} d5
{[%clk 0:25:22]} 3. exd5 {[%clk 0:25:34]} Qxd5 {[%clk 0:25:25]} 4. d4
{[%clk 0:25:42]} Nf6 {[%clk 0:25:31]} 5. Nf3 {[%clk 0:25:49]} Bg4
{[%clk 0:25:39]} 6. Be2 {[%clk 0:25:57]} e6 {[%clk 0:25:46]} 7. O-O
{[%clk 0:26:00]} Nc6 {[%clk 0:25:40]} 8. Be3 {[%clk 0:25:53]} cxd4
{[%clk 0:25:47]} 9. Nxd4 {[%clk 0:24:37]} Bxe2 {[%clk 0:25:35]} 10. Qxe2
{[%clk 0:24:42]} Be7 {[%clk 0:25:26]} 11. Nd2 {[%clk 0:24:03]} O-O
{[%clk 0:24:50]} 12. N2f3 {[%clk 0:23:39]} Rfd8 {[%clk 0:20:05]} 13. Rfd1
{[%clk 0:22:45]} a6 {[%clk 0:18:22]} 14. Nxc6 {[%clk 0:20:36]} Qxc6
{[%clk 0:18:29]} 15. Nd4 {[%clk 0:19:32]} Qe4 {[%clk 0:17:02]} 16. Qf3
{[%clk 0:18:23]} Qxf3 {[%clk 0:16:10]} 17. Nxf3 {[%clk 0:18:31]} Nd5
{[%clk 0:16:08]} 18. Bd4 {[%clk 0:17:47]} Rac8 {[%clk 0:14:12]} 19. Rd2
{[%clk 0:17:09]} f6 {[%clk 0:11:52]} 20. Rad1 {[%clk 0:16:51]} e5
{[%clk 0:11:14]} 21. Bxe5 {[%clk 0:16:54]} fxe5 {[%clk 0:10:16]} 22. Rxd5
{[%clk 0:17:02]} e4 {[%clk 0:08:27]} 23. Rxd8+ Bxd8 {[%clk 0:08:25]} 24. Nd2
{[%clk 0:16:27]} e3 {[%clk 0:07:45]} 25. fxe3 {[%clk 0:16:34]} Bb6
{[%clk 0:07:46]} 26. Kf2 {[%clk 0:16:03]} Rf8+ {[%clk 0:07:42]} 27. Ke2
{[%clk 0:16:12]} Re8 {[%clk 0:07:48]} 28. Nc4 {[%clk 0:15:49]} Bc5
{[%clk 0:05:19]} 29. Rd5 {[%clk 0:15:16]} Bf8 {[%clk 0:05:08]} 30. Rd7
{[%clk 0:14:21]} b5 {[%clk 0:04:42]} 31. Nd2 {[%clk 0:13:01]} g6 {[%clk 0:03:56]}
32. Rd4 {[%clk 0:12:31]} Bh6 {[%clk 0:02:51]} 33. Re4 {[%clk 0:12:17]} Rd8
{[%clk 0:02:35]} 34. Re6 {[%clk 0:12:23]} a5 {[%clk 0:02:03]} 35. Re5
{[%clk 0:12:08]} Rb8 {[%clk 0:02:06]} 36. Nb3 {[%clk 0:10:20]} Bg7
{[%clk 0:01:41]} 37. Rc5 {[%clk 0:08:10]} a4 {[%clk 0:01:25]} 38. Nd4
{[%clk 0:08:13]} b4 {[%clk 0:01:27]} 39. Rb5 {[%clk 0:07:46]} Rxb5
{[%clk 0:01:09]} 40. Nxb5 {[%clk 0:07:54]} a3 {[%clk 0:00:36]} 41. bxa3
{[%clk 0:07:15]} bxc3 {[%clk 0:00:43]} 42. Kd3 {[%clk 0:07:18]} Be5
{[%clk 0:00:36]} 43. h3 {[%clk 0:07:24]} Kg7 {[%clk 0:00:35]} 44. Nxc3
{[%clk 0:07:32]} Kh6 {[%clk 0:00:41]} 45. Ke4 {[%clk 0:07:16]} Bxc3
{[%clk 0:00:46]} 46. a4 {[%clk 0:07:23]} Kg5 {[%clk 0:00:42]} 47. Kd5
{[%clk 0:07:20]} Kf5 {[%clk 0:00:33]} 48. e4+ {[%clk 0:07:28]} Kf4
{[%clk 0:00:17]} 49. g3+ {[%clk 0:07:36]} Kxg3 {[%clk 0:00:15]} 50. e5
{[%clk 0:07:46]} Bb4 {[%clk 0:00:21]} 51. e6 {[%clk 0:07:54]} Kxh3
{[%clk 0:00:28]} 52. a5 {[%clk 0:08:02]} g5 {[%clk 0:00:25]} 53. a6
{[%clk 0:08:11]} g4 {[%clk 0:00:30]} 54. a7 {[%clk 0:08:19]} g3 {[%clk 0:00:39]}
55. a8=Q {[%clk 0:08:12]} g2 {[%clk 0:00:48]} 56. Qg8 {[%clk 0:07:49]} Kh2
{[%clk 0:00:46]} 57. Qxh7+ {[%clk 0:07:57]} Kg1 {[%clk 0:00:55]} 58. e7
{[%clk 0:06:56]} Bxe7 {[%clk 0:00:58]} 59. Qxe7 {[%clk 0:07:04]} Kh2
{[%clk 0:01:02]} 60. a4 {[%clk 0:07:09]} g1=Q {[%clk 0:00:31]} 61. Qh4+
{[%clk 0:07:16]} Kg2 {[%clk 0:00:39]} 62. Qg4+ {[%clk 0:07:25]} Kf2
{[%clk 0:00:47]} 63. Qxg1+ {[%clk 0:07:33]} Kxg1 {[%clk 0:00:55]} 64. a5
{[%clk 0:07:40]} 1-0